01006nam a22002297a 45000010005000000030006000050050017000110080041000280200017000690400029000860500019001150820011001341000014001452450053001592600047002123000047002595050007003065200395003135210027007085210018007356500023007536908FISKH20250828102507.0250605b cb ||||| |||| 00| 0 eng d a708431211773 aFISKHbengcFISKHdFISKH aPN6728.S75 R38 a372.46 aAnonymous aStar wars, the clone wars: bRescue in the sky / aOntario : bLeap Frog Enterprise, c2009.  a25 pages : bcolor illustrations ; c24 cm aP  aAnakin Skywalker must devise a plan to blow up General Grievous's ship without harming R2-D2, who was captured by the general. A Tag School Reading system title that aids in the development of memory and character analysis skills and introduces drawing conclusions and making predictions through a multisensory reading experience created when used in conjunction with Tag School Reader pen.8 a650 bLexile estimate 8 aP bRaz-Plus  aStar WarsvTeacher